000 00477nam a2200193Ia 4500
008 180523s9999 xx 000 0 und d
020 _a81-261-1303-0
050 _aMAIN RJ 131
050 _b.N36 2004
100 _aNanda, V.K.
245 0 _aPrinciples of child development /
245 0 _cV.K. Nanda
260 _aNew Delhi, India :
260 _bAnmol Publications,
260 _c2004
300 _a331 pages :
300 _c22 cm.
650 _aChild development.
999 _c357651
_d357651